00742nam a2200253Ia 4500003000400000005001700004008004100021020002100062040000700083041000800090082001500098100002800113245002600141250000600167260003000173300001600203365001300219650001800232650002000250906003200270942001200302999001900314952015500333OSt20230511160313.0210423s2013 xx 000 0 und d a978-0-312-2292-8 cAL aeng a535.2 BOYN aBOYD (Robert W)9103830 aNonlinear optics Ed 3 a3 aNew DelhibElsevierc2013 axix,613bPB b425cINR aLight9103831 aPhysics9103832 a3 ; Ed ; Nonlinear ; optics 2ddccBK c166104d166104 001040708PHYaSACPGbSACPGd2014-11-17ePrajwal book distributorsg425.00l2o535.2 BOYNpPG012603r2024-05-06 00:00:00s2024-04-30w2021-04-26yBK